[Event "No More Than 1800"]
[Site "SchemingMind.com"]
[Date "2016.07.03"]
[Round "-"]
[White "kenneth m day"]
[Black "Wojtek26"]
[Result "0-1"]
[WhiteCountry "USA"]
[BlackCountry "POL"]
[WhiteElo "1724"]
[WhiteRD "54"]
[BlackElo "1469"]
[BlackRD "44"]
[GameID "401084"]

1. e4 e5 2. f4 exf4 3. Nf3 d6 4. d4 Nf6 5. Nc3 Be7 6. Bxf4 O-O 7. Qd2 Bg4 8. Be2 Re8 9. O-O-O Nc6 10. h3 Bxf3
11. Bxf3 a5 12. g4 a4 13. a3 Nd7 14. g5 Nb6 15. Rdg1 Nc4 16. Qd3 Nb6 17. h4 f6 18. gxf6 Bxf6 19. Bg5 Nxd4 20. Bd1 Bxg5+
21. hxg5 Ne6 22. Qg3 Re7 23. Bg4 Nc5 24. Qh3 g6 25. Re1 Qf8 26. Rhf1 Qg7 27. Rf6 Rf8 28. Ref1 Ref7 29. Be6 Nxe6 30. Qxe6 Nd7
31. Nd5 Nxf6 32. Nxf6+ Kh8 33. Rh1 Rxf6 34. gxf6 Qxf6 35. Qd7 Qf4+ 36. Kb1 Rf7 37. Qd8+ Kg7 38. Rh4 Qf1+ 39. Ka2 Qc4+ 40. b3 axb3+
41. cxb3 Qc2+
0-1

[Event "No More Than 1800"]
[Site "SchemingMind.com"]
[Date "2016.07.03"]
[Round "-"]
[White "Wojtek26"]
[Black "kenneth m day"]
[Result "0-1"]
[WhiteCountry "POL"]
[BlackCountry "USA"]
[WhiteElo "1571"]
[WhiteRD "51"]
[BlackElo "1736"]
[BlackRD "54"]
[GameID "401085"]

1. d4 f5 2. e3 Nf6 3. Nf3 g6 4. Bc4 Bg7 5. O-O e6 6. b3 O-O 7. Bb2 d6 8. d5 Qe7 9. dxe6 Bxe6 10. Bxe6+ Qxe6
11. Ng5 Qe7 12. Nd2 Nbd7 13. Ngf3 h6 14. Qe2 c5 15. c4 Rfe8 16. Qd3 Rad8 17. Nh4 Kh7 18. Nhf3 Ne5 19. Nxe5 dxe5 20. Qe2 Rd7
21. Nf3 e4 22. Ne1 Red8 23. g3 Rd2
0-1

[Event "No More Than 1800"]
[Site "SchemingMind.com"]
[Date "2016.07.05"]
[Round "-"]
[White "Phillip Beckett"]
[Black "kenneth m day"]
[Result "1-0"]
[WhiteCountry "ENG"]
[BlackCountry "USA"]
[WhiteElo "1562"]
[WhiteRD "52"]
[BlackElo "1724"]
[BlackRD "54"]
[GameID "401135"]

1. e4 e5 2. Nf3 Nc6 3. Bb5 f5 4. Bxc6 dxc6 5. exf5 Nf6 6. O-O Bd6 7. d3 Bxf5 8. Nc3 Qe7 9. Bg5 O-O-O 10. Qe2 h6
11. Bd2 g5 12. Rad1 Rdg8 13. Ne4 Nxe4 14. dxe4 Bg4 15. h3 Bh5 16. g4 Bg6 17. Nh2 Qe6 18. a4 h5 19. f3 hxg4 20. hxg4 Rh3
21. Qg2 Rgh8 22. Rf2 Bc5 23. Bxg5 Bxf2+ 24. Qxf2 Rxh2 25. Qxh2 Rxh2 26. Rd8#
1-0

[Event "No More Than 1800"]
[Site "SchemingMind.com"]
[Date "2016.07.05"]
[Round "-"]
[White "kenneth m day"]
[Black "Phillip Beckett"]
[Result "0-1"]
[WhiteCountry "USA"]
[BlackCountry "ENG"]
[WhiteElo "1724"]
[WhiteRD "54"]
[BlackElo "1562"]
[BlackRD "52"]
[GameID "401136"]

1. e4 e5 2. f4 Qh4+ 3. g3 Qe7 4. d3 exf4 5. Bxf4 d5 6. Nc3 c6 7. Qe2 Nf6 8. O-O-O dxe4 9. Nxe4 Nxe4 10. Qxe4 Qxe4
11. dxe4 Bg4 12. Rd2 Nd7 13. Be2 Bxe2 14. Nxe2 O-O-O 15. Rhd1 Bb4 16. Rd4 Bc5 17. R4d3 Nf6 18. Nc3 Rxd3 19. Rxd3 Rd8 20. Rxd8+ Kxd8
21. Na4 Bb6 22. Nc3 Bd4 23. Ne2 Bb6 24. Nc3 Kd7 25. Kd2 Ba5 26. Kd3 Bc7 27. h3 Bxf4 28. gxf4 Ne8 29. Kd4 Nd6 30. Ke5 Nc4+
31. Kd4 Nxb2 32. e5 b5 33. Ne4 Nc4 34. Ng5 h6 35. Nxf7 Ke6 36. Nh8 g5 37. Ng6 gxf4 38. Nxf4+ Ke7 39. Ke4 Na3 40. c3 Nc4
41. Kf5 Ne3+ 42. Kg6 Nd5 43. Nxd5+ cxd5 44. Kxh6 Ke6 45. Kg6 b4 46. cxb4 d4
0-1

[Event "No More Than 1800"]
[Site "SchemingMind.com"]
[Date "2016.07.05"]
[Round "-"]
[White "Phillip Beckett"]
[Black "Wojtek26"]
[Result "1-0"]
[WhiteCountry "ENG"]
[BlackCountry "POL"]
[WhiteElo "1572"]
[WhiteRD "52"]
[BlackElo "1588"]
[BlackRD "51"]
[GameID "401137"]

1. e4 e5 2. Nf3 Nc6 3. Bb5 d6 4. d4 exd4 5. Nxd4 Bd7 6. Nxc6 Bxc6 7. Qd5 Qd7 8. Bxc6 Qxc6 9. Qxc6+ bxc6 10. Be3 Nf6
11. Nd2 Be7 12. f3 d5 13. exd5 cxd5 14. O-O-O O-O 15. Rhe1 Bb4 16. c3 Ba5 17. Nb3 Bb6 18. Bd4 Rac8 19. Bxf6 gxf6 20. Rxd5 Rfe8
21. Rxe8+ Rxe8 22. Rd1 Be3+ 23. Kc2 Bf4 24. Nd4 Rd8 25. g3 Be5 26. f4 Bxd4 27. Rxd4 Rxd4 28. cxd4 Kg7 29. Kd3 Kg6 30. Ke4 c6
31. h3 a5 32. g4 a4 33. d5 cxd5+ 34. Kxd5 f5 35. b4 axb3 36. axb3 fxg4 37. hxg4 f5 38. g5
1-0

[Event "No More Than 1800"]
[Site "SchemingMind.com"]
[Date "2016.07.05"]
[Round "-"]
[White "Wojtek26"]
[Black "Phillip Beckett"]
[Result "0-1"]
[WhiteCountry "POL"]
[BlackCountry "ENG"]
[WhiteElo "1588"]
[WhiteRD "51"]
[BlackElo "1572"]
[BlackRD "52"]
[GameID "401138"]

1. e4 e5 2. Nf3 Nc6 3. Bb5 a6 4. Ba4 Nf6 5. d3 b5 6. Bb3 Be7 7. O-O d6 8. Ng5 O-O 9. f4 h6 10. fxe5 Nxe5
11. Bf4 hxg5 12. Bxg5 Nh7 13. Bxe7 Qxe7 14. Qh5 Qg5 15. Qe2 Bg4 16. Qf2 Nf6 17. Nd2 Bh5 18. d4 Neg4 19. Qg3 Qxd2
0-1

[Event "No More Than 1800"]
[Site "SchemingMind.com"]
[Date "2016.07.11"]
[Round "-"]
[White "Clive Everill"]
[Black "Phillip Beckett"]
[Result "0-1"]
[WhiteCountry "CZE"]
[BlackCountry "ENG"]
[WhiteElo "1706"]
[WhiteRD "55"]
[BlackElo "1549"]
[BlackRD "51"]
[GameID "401308"]

1. Nf3 Nf6 2. b4 c6 3. Bb2 Qb6 4. c3 a5 5. a3 axb4 6. cxb4 Na6 7. d4 g6 8. Nc3 Nc7 9. e4 Bg7 10. Bd3 O-O
11. O-O d6 12. Na4 Qa7 13. Bc2 b5 14. Nc3 Bg4 15. Na2 Nd7 16. Qd3 e6 17. Nd2 f5 18. f3 Bh5 19. Kh1 e5 20. dxe5 Nxe5
21. Qb3+ Kh8 22. exf5 gxf5 23. Nc3 Bf7 24. Nd5 Bxd5 25. Qc3 Ne6 26. Rab1 Ng4 27. Qd3 Nf2+ 28. Rxf2 Qxf2 29. Bxg7+ Nxg7 30. Rf1 Qb6
31. Qc3 Rae8 32. a4 Qe3 33. Qxe3 Rxe3 34. Nb1 Rfe8 35. h3 Re1 36. Kg1 Bc4 37. Rxe1 Rxe1+ 38. Kh2 Rc1 39. Bxf5 bxa4 40. g4 Nxf5
0-1

[Event "No More Than 1800"]
[Site "SchemingMind.com"]
[Date "2016.07.11"]
[Round "-"]
[White "Phillip Beckett"]
[Black "Clive Everill"]
[Result "1/2-1/2"]
[WhiteCountry "ENG"]
[BlackCountry "CZE"]
[WhiteElo "1549"]
[WhiteRD "51"]
[BlackElo "1706"]
[BlackRD "55"]
[GameID "401309"]

1. d4 f5 2. Nc3 d5 3. e3 Nf6 4. Bd2 e6 5. f4 c5 6. Nf3 c4 7. Be2 Bb4 8. a3 Ba5 9. O-O O-O 10. Ne5 Ne4
11. Nxe4 fxe4 12. Bxa5 Qxa5 13. c3 Nc6 14. Bg4 Qc7 15. Qe1 Nxe5 16. fxe5 Bd7 17. Qe2 b5 18. Rxf8+ Rxf8 19. Rf1 Qd8 20. Rxf8+ Qxf8
21. Qf2 Qe7 22. Qf4 a5 23. Bd1= b4 24. axb4 axb4 25. Qf2 bxc3 26. bxc3 Qa3 27. Qc2 Qa1 28. Kf2 Qa3 29. Qd2 Qf8+ 30. Kg1 Qa3=
31. Qc2 Qa1= 32. Kf2 Be8 33. Ke2 Bh5+ 34. Kd2 Bxd1 35. Qxd1 Qa2+ 36. Qc2 Qa1 37. Qc1 Qa2+= 38. Qc2 Qa1 39. Qc1 Qa2+ 40. Qc2
1/2-1/2

[Event "No More Than 1800"]
[Site "SchemingMind.com"]
[Date "2016.07.11"]
[Round "-"]
[White "Clive Everill"]
[Black "kenneth m day"]
[Result "0-1"]
[WhiteCountry "CZE"]
[BlackCountry "USA"]
[WhiteElo "1716"]
[WhiteRD "55"]
[BlackElo "1724"]
[BlackRD "54"]
[GameID "401310"]

1. e4 e5 2. f4 exf4 3. Nf3 d6 4. d4 g5 5. h3 Bg7 6. Bc4 Nc6 7. c3 h6 8. b4 Be6 9. d5 Ne5 10. Nxe5 dxe5
11. Qb3 Bd7 12. Nd2 Nf6 13. Ba3 O-O 14. b5 Re8 15. d6 Rf8 16. dxc7 Qxc7 17. Bxf8 Rxf8 18. O-O-O Qc5 19. Rhe1 Qf2 20. Re2 Qc5
21. Nf3 g4 22. hxg4 h5 23. g5 Ng4 24. Rd5 Qc7 25. Red2 Be6 26. Nh4 Ne3 27. Rd8 Bxc4 28. Rxf8+ Bxf8 29. Qa4 Bxb5 30. Qb3 Bc4
31. Qb2 Qa5 32. Kb1 Ba3 33. Qxb7 Qxc3 34. Qc8+ Kg7 35. Qd7 Qc1#
0-1

[Event "No More Than 1800"]
[Site "SchemingMind.com"]
[Date "2016.07.11"]
[Round "-"]
[White "kenneth m day"]
[Black "Clive Everill"]
[Result "0-1"]
[WhiteCountry "USA"]
[BlackCountry "CZE"]
[WhiteElo "1705"]
[WhiteRD "56"]
[BlackElo "1710"]
[BlackRD "56"]
[GameID "401311"]

1. e4 d6 2. d4 Nf6 3. Nc3 e5 4. dxe5 dxe5 5. Qxd8+ Kxd8 6. Bg5 Be6 7. O-O-O+ Nd7 8. Nf3 Bd6 9. Bb5 Kc8 10. h3 a6
11. Ba4 b5 12. Bb3 Bxb3 13. axb3 b4 14. Na4 Nxe4 15. Be3 f5 16. g3 f4 17. gxf4 exf4 18. Bd4 Rg8 19. Nh4 c5 20. f3 Ng3
21. Rhe1 cxd4 22. Rxd4 Bf8 23. Re8+ Kb7 24. Rxd7+ Kc6 25. Rxa8 Kxd7 26. Nc5+ Ke7 27. Nxa6 g5 28. Ng2 Ne2+ 29. Kd2 Nd4 30. Ne1 Kf7
31. Kd3 Nf5 32. Ke4 Nh4 33. Nd3 Bg7 34. Rxg8 Kxg8 35. Naxb4 Kf7 36. c4 Ke6 37. c5 Nf5 38. c6 Ne7 39. Nc5+ Kd6 40. Nba6 Nxc6
41. Kf5 h6 42. Kg6 Bf8 43. b4 Ne5+ 44. Kf5 Nxf3 45. b5 Nd4+ 46. Ke4 Nxb5 47. b4 Kc6 48. Kf3 Nd4+ 49. Kf2 Nc2 50. Ne6 Bxb4
51. Nxb4+ Nxb4 52. Kf3 Kd6 53. Nxf4 gxf4 54. Kxf4 Ke6 55. h4 Kf6 56. h5 Nd5+ 57. Kg4 Ne7 58. Kf4 Nf5 59. Kg4 Ng7 60. Kf4 Nxh5+
61. Kg4 Ng7 62. Kh4 Kf5 63. Kg3 Kg5 64. Kh3 Nf5 65. Kh2 Kg4 66. Kg2 h5 67. Kh2 h4 68. Kg2 h3+ 69. Kh2 Ne3 70. Kg1 Kg3
71. Kh1 Ng4 72. Kg1 Nf2
0-1

[Event "No More Than 1800"]
[Site "SchemingMind.com"]
[Date "2016.07.11"]
[Round "-"]
[White "Clive Everill"]
[Black "Wojtek26"]
[Result "1-0"]
[WhiteCountry "CZE"]
[BlackCountry "POL"]
[WhiteElo "1709"]
[WhiteRD "57"]
[BlackElo "1588"]
[BlackRD "51"]
[GameID "401312"]

1. Nf3 d5 2. c4 e6 3. d4 Bb4+ 4. Bd2 Bxd2+ 5. Nbxd2 Nf6 6. e3 O-O 7. Bd3 Nbd7 8. O-O c5 9. cxd5 Nxd5 10. dxc5 Nxc5
11. Bxh7+ Kxh7 12. Qc2+ Kg8 13. Qxc5 b6 14. Qc2 Ba6 15. Rfc1 Qf6 16. Ne4 Qe7 17. Qa4 Be2 18. Nd4 Bd3 19. Ng3 g6 20. Rd1 Bf5
21. Ndxf5 exf5 22. Rxd5 a6 23. Rad1 b5 24. Qb3 Rac8 25. Rd7 Qc5 26. h3 Rfe8 27. Qxf7+
1-0

[Event "No More Than 1800"]
[Site "SchemingMind.com"]
[Date "2016.07.11"]
[Round "-"]
[White "Wojtek26"]
[Black "Clive Everill"]
[Result "0-1"]
[WhiteCountry "POL"]
[BlackCountry "CZE"]
[WhiteElo "1588"]
[WhiteRD "51"]
[BlackElo "1709"]
[BlackRD "57"]
[GameID "401313"]

1. d4 f5 2. c4 Nf6 3. e3 d6 4. Nf3 g6 5. Be2 Bg7 6. O-O O-O 7. Nc3 Nc6 8. a3 e5 9. b4 e4 10. Nd2 Ne7
11. f3 a6 12. fxe4 fxe4 13. Bb2 Nf5 14. Rxf5 Bxf5 15. Nd5 Nxd5 16. cxd5 Qg5 17. Qe1 Qxe3+ 18. Kh1 b5 19. Nf1 Qg5 20. Ng3 Bd7
21. Nxe4 Qxd5 22. Bf3 Qe6 23. Ng5 Qxe1+ 24. Rxe1 Rae8 25. Rxe8 Rxe8 26. Bd5+ Kf8 27. Nxh7+ Ke7 28. Bc1 Kd8 29. Bg5+ Kc8 30. Bd2 Bxd4
31. Bf7 Re2
0-1

[Event "No More Than 1800"]
[Site "SchemingMind.com"]
[Date "2016.07.27"]
[Round "-"]
[White "Clive Everill"]
[Black "Pol MacGilla tSamhais"]
[Result "1-0"]
[WhiteCountry "CZE"]
[BlackCountry "IRL"]
[WhiteElo "1706"]
[WhiteRD "55"]
[BlackElo "1269"]
[BlackRD "102"]
[GameID "401739"]

1. e4 c6 2. d4 Nf6 3. e5 Nd5 4. Nf3 d6 5. Be2 f6 6. exf6 gxf6 7. c4 Nc7 8. Nh4 d5 9. Bh5+ Kd7 10. Qg4+ Kd6
11. c5#
1-0

[Event "No More Than 1800"]
[Site "SchemingMind.com"]
[Date "2016.07.25"]
[Round "-"]
[White "Pol MacGilla tSamhais"]
[Black "Clive Everill"]
[Result "0-1"]
[WhiteCountry "IRL"]
[BlackCountry "CZE"]
[WhiteElo "1204"]
[WhiteRD "87"]
[BlackElo "1711"]
[BlackRD "57"]
[GameID "401740"]

1. e4 d6 2. d4 Nf6 3. Nc3 g6 4. Nf3 Bg7 5. Be2 O-O 6. O-O c6 7. e5 dxe5 8. Nxe5 Bf5 9. g4 Be6 10. f3 Nbd7
11. f4 Qc7 12. Bf3 Nd5 13. Bxd5 Bxd5 14. Nxd5 cxd5 15. Qe2 f6 16. Nxd7 Qxd7 17. Bd2 Rfe8 18. h3 f5 19. g5 Bxd4+ 20. Be3 Bxb2
21. Rab1 Bc3 22. Qd3 d4 23. Qc4+ e6 24. Rfd1 b5 25. Qd3 Rad8 26. Bf2 a6 27. Be1 Bxe1 28. Rxe1 Qd5 29. Ra1 e5 30. fxe5 Rxe5
31. Qd2 Rde8 32. Qa5 Qf3 33. Rxe5 Rxe5 34. Re1 Qg3+ 35. Kf1 Qxh3+ 36. Kf2 Qh2+ 37. Kf3 Qh5+
0-1

[Event "No More Than 1800"]
[Site "SchemingMind.com"]
[Date "2016.07.24"]
[Round "-"]
[White "Phillip Beckett"]
[Black "Pol MacGilla tSamhais"]
[Result "1-0"]
[WhiteCountry "ENG"]
[BlackCountry "IRL"]
[WhiteElo "1571"]
[WhiteRD "55"]
[BlackElo "1204"]
[BlackRD "87"]
[GameID "401741"]

1. e4 c6 2. d4 Nf6 3. Nc3 d5 4. exd5 cxd5 5. Nf3 Nc6 6. Be2 g6 7. O-O Bg7 8. Bg5 h6 9. Be3 O-O 10. h3 e6
11. Qd2 Nb4 12. a3 Nc6 13. Rad1 Na5 14. Qc1 Bd7 15. Bxh6 Nh5 16. Bxg7 Nxg7 17. Ne5 Nc6 18. Nxd7 Qxd7 19. Bf3 Na5 20. b3 Rac8
21. Qb2 Qc7 22. Nb5 Qb6 23. Nc3 Nc4 24. Qa1 Qa6 25. bxc4 Qxc4 26. Ne2 Qxc2 27. Rc1 Qa4 28. Rxc8 Rxc8 29. Rc1 Qe8 30. Rxc8 Qxc8
31. Qc1 Qxc1+ 32. Nxc1 b5 33. Nd3 a5 34. Be2 a4 35. Nb4 Nf5 36. Bxb5 Nxd4 37. Bxa4 Nf5 38. Bc2 Nd4 39. Bd3 Nb3 40. a4 Kg7
41. Nc6 Nc5 42. Bc2 Nxa4 43. Bxa4
1-0

[Event "No More Than 1800"]
[Site "SchemingMind.com"]
[Date "2016.07.24"]
[Round "-"]
[White "Pol MacGilla tSamhais"]
[Black "Phillip Beckett"]
[Result "0-1"]
[WhiteCountry "IRL"]
[BlackCountry "ENG"]
[WhiteElo "1268"]
[WhiteRD "94"]
[BlackElo "1562"]
[BlackRD "52"]
[GameID "401742"]

1. e4 e5 2. Nf3 Nc6 3. Bb5 a6 4. Ba4 Nf6 5. O-O Be7 6. Re1 b5 7. Bb3 O-O 8. c3 d5 9. exd5 Nxd5 10. Nxe5 Nxe5
11. Rxe5 c6 12. Qe2 Bd6 13. Rh5 g6 14. Rh3 Bxh3 15. gxh3 Qg5+ 16. Qg4 Qe5 17. Qg2 Qe1+ 18. Qf1 Rae8 19. d4 Bxh2+
0-1

[Event "No More Than 1800"]
[Site "SchemingMind.com"]
[Date "2016.07.23"]
[Round "-"]
[White "kenneth m day"]
[Black "Pol MacGilla tSamhais"]
[Result "1-0"]
[WhiteCountry "USA"]
[BlackCountry "IRL"]
[WhiteElo "1724"]
[WhiteRD "56"]
[BlackElo "1204"]
[BlackRD "87"]
[GameID "401743"]

1. e4 c6 2. c4 e5 3. Nc3 Nf6 4. Nf3 Bd6 5. d4 O-O 6. Bg5 h6 7. Bh4 Qe8 8. dxe5 Bxe5 9. Qc2 d6 10. O-O-O Be6
11. Nxe5 dxe5 12. Qd2 Nbd7 13. f3 Rd8 14. Bd3 g5 15. Bg3 c5 16. h4 g4 17. Be2 Kh7 18. Qe3 b6 19. fxg4 h5 20. gxh5 Rg8
21. Bf3 Rxg3 22. Ne2 Rg7 23. g4 Bxc4 24. b3 Bb5 25. Rhg1 Nb8 26. g5 Ng8 27. Ng3 Ne7 28. h6 Rg6 29. h5 Rg8 30. Nf5 Nxf5
31. exf5 Nd7 32. g6+ fxg6 33. hxg6+ Kh8 34. Be4 Rc8 35. g7+
1-0

[Event "No More Than 1800"]
[Site "SchemingMind.com"]
[Date "2016.07.22"]
[Round "-"]
[White "Pol MacGilla tSamhais"]
[Black "kenneth m day"]
[Result "0-1"]
[WhiteCountry "IRL"]
[BlackCountry "USA"]
[WhiteElo "1204"]
[WhiteRD "87"]
[BlackElo "1724"]
[BlackRD "56"]
[GameID "401744"]

1. e4 e5 2. Nf3 Nc6 3. Nxe5 Nf6 4. Nc3 Nxe5 5. d4 Ng6 6. e5 Qe7 7. Bd3 Nxe5 8. dxe5 Qxe5+ 9. Qe2 Qxe2+ 10. Nxe2 d5
11. O-O Bg4 12. h3 Be6 13. Bf4 O-O-O 14. Rad1 Bc5 15. c3 h6 16. Rc1 Nh5 17. c4 dxc4 18. Bxc4 Rhe8 19. Ng3 Nxf4 20. Ne4 Bb6
21. b3 Bxc4 22. Rxc4 f5 23. Ng3 g6 24. Rxf4 Rd2 25. a3 Rd3 26. Rb1 Rxg3 27. Kh2 Rd3 28. f3 Re2 29. Rh4 h5 30. Rc4 Rxf3
31. Rg1 Bxg1+ 32. Kxg1 Rxb3
0-1

[Event "No More Than 1800"]
[Site "SchemingMind.com"]
[Date "2016.07.24"]
[Round "-"]
[White "Pol MacGilla tSamhais"]
[Black "Wojtek26"]
[Result "0-1"]
[WhiteCountry "IRL"]
[BlackCountry "POL"]
[WhiteElo "1268"]
[WhiteRD "94"]
[BlackElo "1469"]
[BlackRD "44"]
[GameID "401745"]

1. d4 d5 2. c4 e6 3. Nf3 Bb4+ 4. Bd2 Bxd2+ 5. Nbxd2 Nf6 6. e3 O-O 7. c5 c6 8. Be2 Nbd7 9. O-O Re8 10. b4 b6
11. Nb3 bxc5 12. bxc5 Ne4 13. Qc2 f5 14. Rab1 Qc7 15. Nbd2 Ndf6 16. Nxe4 fxe4 17. Ne5 Nd7 18. Nxd7 Bxd7 19. Qb2 Rab8 20. Qc2 e5
21. Rb2 Bf5 22. Rfb1 g6 23. Rb3 exd4 24. exd4 e3 25. fxe3 Bxc2
0-1

[Event "No More Than 1800"]
[Site "SchemingMind.com"]
[Date "2016.07.22"]
[Round "-"]
[White "Wojtek26"]
[Black "Pol MacGilla tSamhais"]
[Result "1-0"]
[WhiteCountry "POL"]
[BlackCountry "IRL"]
[WhiteElo "1469"]
[WhiteRD "44"]
[BlackElo "1268"]
[BlackRD "94"]
[GameID "401746"]

1. e4 c6 2. d4 Nf6 3. Nc3 d5 4. e5 Nfd7 5. Nf3 e6 6. Bd3 Be7 7. O-O O-O 8. a4 Na6 9. b3 c5 10. dxc5 Naxc5
11. Nd4 Nxe5 12. Bf4 b6 13. Bxe5 f6 14. Bg3 Nxd3 15. Qxd3 Qd7 16. Nce2 e5 17. Nb5 Qc6 18. Rac1 Rd8 19. Rfd1 Ba6 20. c4 Bxb5
21. cxb5 Qb7 22. Qf5 g6 23. Qe6+ Kf8 24. Rc2 Rd6 25. Qg4 f5 26. Qf3 e4 27. Qc3 Rdd8 28. Qh8+
1-0

[Event "No More Than 1800"]
[Site "SchemingMind.com"]
[Date "2016.07.26"]
[Round "-"]
[White "ray winteringham"]
[Black "Clive Everill"]
[Result "0-1"]
[WhiteCountry "ENG"]
[BlackCountry "CZE"]
[WhiteElo "1490"]
[WhiteRD "52"]
[BlackElo "1706"]
[BlackRD "55"]
[GameID "401817"]

1. e4 d6 2. d4 Nf6 3. Nf3 g6 4. Bd3 Bg7 5. Be3 O-O 6. h3 b6 7. O-O Bb7 8. Nbd2 c5 9. d5 Nfd7 10. Rb1 Na6
11. a3 Ne5 12. b3 Nxd3 13. cxd3 Nc7 14. a4 Ba6 15. Nc4 b5 16. axb5 Nxb5 17. Qd2 Bc3 18. Qa2 Bb7 19. Bd2 Bxd2 20. Qxd2 e5
21. dxe6 fxe6 22. Qh6 Nc3 23. Ng5 Qe7 24. Nxd6 Nxb1 25. Rxb1 Ba6 26. Rd1 Rad8 27. e5 Rd7 28. Nde4 Rxd3 29. Rxd3 Bxd3 30. Nf6+ Rxf6
31. exf6 Qxf6 32. Qxh7+ Kf8 33. Qh4 Qa1+ 34. Kh2 Qe5+ 35. g3 Qf5 36. Qh8+ Ke7 37. Qg7+ Kd6 38. Qc3 Qxf2+ 39. Kh1 Qf5 40. Qc1 a5
41. h4 Qd5+ 42. Kh2 Qxb3 43. Qd2 Qc2 44. Ne4+ Kc6 45. Qxc2 Bxc2 46. Nc3 a4 47. g4 a3 48. g5 c4 49. Na2 Bb3 50. Nc1 a2
51. Nxa2 Bxa2 52. h5 gxh5 53. g6 Bb1 54. g7 Bh7
0-1

[Event "No More Than 1800"]
[Site "SchemingMind.com"]
[Date "2016.07.26"]
[Round "-"]
[White "Phillip Beckett"]
[Black "ray winteringham"]
[Result "1-0"]
[WhiteCountry "ENG"]
[BlackCountry "ENG"]
[WhiteElo "1549"]
[WhiteRD "51"]
[BlackElo "1490"]
[BlackRD "52"]
[GameID "401818"]

1. e4 c5 2. Nf3 d6 3. d4 cxd4 4. Nxd4 e5 5. Nb3 Be6 6. Nc3 Be7 7. Be2 a6 8. Be3 Nf6 9. O-O Bxb3 10. axb3 h6
11. f3 O-O 12. Nd5 Nc6 13. Nxe7+ Qxe7 14. Bc4 b5 15. Bd5 Rac8 16. Rxa6 Nb4 17. Ra1 Nxc2 18. Qd2 Nxa1 19. Rxa1 Nxd5 20. Qxd5 Rc5
21. Bxc5 dxc5 22. Ra8 Kh7 23. Rxf8 Qxf8 24. Qxe5 f6 25. Qf5+ Kg8 26. Qe6+ Kh7 27. Qf5+ Kh8 28. Qd7 b4 29. Qd5 Qg8 30. Qxg8+ Kxg8
31. Kf2 Kf7 32. Ke3 Ke6 33. Kd3 Ke5 34. Kc4 Kd6 35. Kb5 g6 36. f4 h5 37. h4 f5 38. e5+ Kd5 39. g3
1-0

[Event "No More Than 1800"]
[Site "SchemingMind.com"]
[Date "2016.07.25"]
[Round "-"]
[White "ray winteringham"]
[Black "Phillip Beckett"]
[Result "1-0"]
[WhiteCountry "ENG"]
[BlackCountry "ENG"]
[WhiteElo "1490"]
[WhiteRD "52"]
[BlackElo "1549"]
[BlackRD "51"]
[GameID "401819"]

1. e4 e5 2. Nf3 Nc6 3. Bc4 Nf6 4. O-O Be7 5. d3 d6 6. h3 h6 7. Be3 O-O 8. Nc3 Nh7 9. a3 Ng5 10. b4 Nxf3+
11. Qxf3 Be6 12. Bxe6 fxe6 13. Qg3 Bh4 14. Qg4 Qe7 15. Bxh6 Bf6 16. Be3 Qf7 17. Ne2 Ne7 18. f4 exf4 19. Bd4 e5 20. Bb2 Qg6
21. Qe6+ Qf7 22. Qg4 Qg6 23. Qf3 Qh6 24. c4 g5 25. g4 Ng6 26. Bc3 Nh4 27. Qh1 Kg7 28. b5 Rh8 29. Rf2 Ng6 30. Rh2 Nh4
31. Kf1 Qg6 32. Ke1 Rh7 33. Kd2 Rah8 34. Rf1 Qe8 35. a4 Ng6 36. Rf3 Nh4 37. Rff2 c6 38. Bb4 c5 39. Bc3 Qd8 40. Nc1 b6
41. Kc2 Rh6 42. Be1 R8h7 43. Ne2 Qh8 44. Ng1 Ng6 45. Rf3 Nf8 46. a5 Ne6 47. Bc3 Nd4+ 48. Bxd4 cxd4 49. axb6 axb6 50. Kd1 Qa8
51. Ne2 Qa1+ 52. Nc1 Rh8 53. Ra2 Qc3 54. Ra7+ Kg6 55. Qf1 R6h7 56. Ra6 Rb8 57. Qe1 Qxe1+ 58. Kxe1 Rc7 59. Na2 Bd8 60. Nb4 Rbb7
61. Nd5 Rd7 62. Rf2 Ra7 63. Rfa2 Rxa6 64. bxa6 Ra7 65. Nb4 Be7 66. Nc6 Rc7 67. a7
1-0

[Event "No More Than 1800"]
[Site "SchemingMind.com"]
[Date "2016.07.26"]
[Round "-"]
[White "kenneth m day"]
[Black "ray winteringham"]
[Result "1-0"]
[WhiteCountry "USA"]
[BlackCountry "ENG"]
[WhiteElo "1724"]
[WhiteRD "54"]
[BlackElo "1507"]
[BlackRD "49"]
[GameID "401820"]

1. e4 c5 2. d4 cxd4 3. c3 dxc3 4. Nxc3 e5 5. Bc4 Nf6 6. Qe2 Be7 7. Nf3 h6 8. Nxe5 O-O 9. Bf4 d6 10. O-O-O Nc6
11. Nxc6 bxc6 12. e5 Ne8 13. exd6 Nxd6 14. Rhe1 Bg5 15. Bxg5 Qxg5+ 16. Kb1 Qxg2 17. Rxd6 Qxh2 18. Rdd1 Qh4 19. Rh1 Qg5 20. Rdg1 Qd8
21. Rxh6 Bf5+ 22. Ne4 Bg6 23. Rhxg6 Kh8 24. Qh5+
1-0

[Event "No More Than 1800"]
[Site "SchemingMind.com"]
[Date "2016.07.25"]
[Round "-"]
[White "ray winteringham"]
[Black "kenneth m day"]
[Result "0-1"]
[WhiteCountry "ENG"]
[BlackCountry "USA"]
[WhiteElo "1507"]
[WhiteRD "49"]
[BlackElo "1724"]
[BlackRD "54"]
[GameID "401821"]

1. e4 e5 2. Nf3 Nc6 3. Nc3 Nf6 4. d3 Bc5 5. h3 d5 6. Bg5 dxe4 7. Nd2 Bf5 8. Ncxe4 Be7 9. Be2 h6 10. Bh4 Nxe4
11. Bxe7 Qxe7 12. Nxe4 O-O-O 13. Bf3 Qb4+ 14. Nc3 Qxb2 15. Na4 Qd4 16. Bxc6 bxc6 17. c3 Qxd3 18. Qxd3 Bxd3 19. Nb2 Ba6 20. c4 Rd4
21. Rc1 Rhd8 22. O-O Rd2 23. Na4 Rxa2 24. Nc5 Rd4 25. Rfd1 Rxc4 26. Nxa6 Rxc1 27. Rxc1 Rxa6 28. Kf1 Kd7 29. Ke2 Ra3 30. Kd2 Kd6
31. Rd1 c5 32. g4 Rxh3 33. Kc1+ Ke6
0-1

[Event "No More Than 1800"]
[Site "SchemingMind.com"]
[Date "2016.07.30"]
[Round "-"]
[White "ray winteringham"]
[Black "Pol MacGilla tSamhais"]
[Result "1-0"]
[WhiteCountry "ENG"]
[BlackCountry "IRL"]
[WhiteElo "1490"]
[WhiteRD "52"]
[BlackElo "1269"]
[BlackRD "102"]
[GameID "401822"]

1. e4 c6 2. d4 Nf6 3. e5 Nd5 4. c4 Nb6 5. Nf3 f6 6. Bd3 e6 7. O-O f5 8. Nc3 d6 9. Re1 d5 10. c5 N6d7
11. b4 b5 12. Ng5 h6 13. Qh5+
1-0

[Event "No More Than 1800"]
[Site "SchemingMind.com"]
[Date "2016.07.30"]
[Round "-"]
[White "Pol MacGilla tSamhais"]
[Black "ray winteringham"]
[Result "0-1"]
[WhiteCountry "IRL"]
[BlackCountry "ENG"]
[WhiteElo "1268"]
[WhiteRD "94"]
[BlackElo "1507"]
[BlackRD "49"]
[GameID "401823"]

1. e4 c5 2. Nf3 Nc6 3. g3 d6 4. Bg2 Bg4 5. h3 Bh5 6. g4 Bg6 7. Ng5 h6 8. Nf3 e5 9. O-O Qb6 10. b3 Be7
11. Bb2 Nf6 12. Re1 Nd7 13. Nc3 O-O 14. Nd5 Qd8 15. Nxe7+ Qxe7 16. d3 Bh7 17. h4 Nd4 18. Bxd4 cxd4 19. Qd2 f6 20. h5 b6
21. Bf1 Qf7 22. Nh2 d5 23. exd5 Qxd5 24. c4 Qc6 25. Bg2 Qe6 26. Bxa8 Rxa8 27. f3 Nc5 28. b4 Nxd3 29. Re2 Nf4 30. Rf2 Nh3+
31. Kg2 Nxf2 32. Qxf2 Qxc4 33. a3 Bc2 34. Rc1 Rc8 35. Qd2 d3 36. Nf1 e4 37. Ne3 Qa2 38. Nxc2 Rxc2
0-1

[Event "No More Than 1800"]
[Site "SchemingMind.com"]
[Date "2016.07.25"]
[Round "-"]
[White "ray winteringham"]
[Black "Wojtek26"]
[Result "0-1"]
[WhiteCountry "ENG"]
[BlackCountry "POL"]
[WhiteElo "1490"]
[WhiteRD "52"]
[BlackElo "1571"]
[BlackRD "51"]
[GameID "401824"]

1. e4 e5 2. Nf3 Nc6 3. h3 Nf6 4. d3 Bc5 5. Be2 O-O 6. O-O Re8 7. Nc3 h6 8. Be3 Bxe3 9. fxe3 b6 10. a3 Bb7
11. b4 a5 12. b5 Ne7 13. a4 Ng6 14. d4 Nxe4 15. Nxe4 Bxe4 16. c3 exd4 17. cxd4 d6 18. Rc1 Ne7 19. Kh2 Nd5 20. Qd2 Qe7
21. Rc4 Rac8 22. Rfc1 Nb4 23. Qc3 Na2 24. Qb2 Nxc1 25. Qxc1 Bxf3 26. Bxf3 Qxe3 27. Qc2 Qf4+ 28. Kg1 Re7 29. Qf2 Re3 30. Kf1 Rce8
31. Rc1 Rxf3 32. Qxf3 Qxc1+ 33. Kf2 Qe1#
0-1